000 00527nam a2200217Ia 4500
001 40926
005 20240114003358.0
007 ta
008 160816s ii g b000 u 465 u
040 _aCottonCollege,Assam
041 _a465
082 _a336
_bBh 2169 Pu
100 _aBhatia, M.L .
245 0 _aPublic Finance /
_cM.L.Bhatia.
_hTextual Documents
260 _aSl :
_bSn ,
_c1969.
653 _aPublic Finance
653 _aPG - Eco
942 _2ddc
_cBK
999 _c40896
_d40896